Statistiques concernant One pièce personnages

Cliquez ici pour prendre le quiz!

Statistiques générales

  • Ce quiz a été pris 403 fois
  • Le résultat moyen est 24 sur 53

Statistiques - réponses

Indicereponse% Correct
Princesse d'alabastaVivi
88%
Chatte voleuseNami
87%
Guerrière du colliseRebecca
78%
Épéiste talentueuseTashigi
77%
EmpereurBig mom
74%
Princesse serpentsHancock
74%
Femme bazookaBaby 5
70%
Enfant du demonNico robin
69%
Mère de l'élu de gold d rogerRouge
64%
Rivale de zoroKuina
63%
Princesse negativePerona
63%
Princesse sirèneShiraoshi
60%
Femme cageHina
59%
Armée révolutionnaireKoala
59%
Femme au poid variableMiss valentine
58%
HarpieMonet
58%
Soeur de namiNojiko
57%
Mère de robinOlvia
57%
GloutonneBonney
56%
Sœur gorgoneSandersonia
56%
Sœur gorgoneMarigold
55%
DocteurKureha
53%
Femme de l'équipage de barbe noireCatarina devon
51%
TaupeMiss merry christmas
51%
Art femmeJora
50%
Fan d'usoppKaya
49%
Petite fille dangereuseSugar
49%
Princesse de dresserosaViolette
49%
Lavage de coeurTsuru
48%
Harcèlement sexuelKalifa
45%
Jolie créature des océans la ladyAlvida
44%
PappugCamie
44%
Vieille sirèneKokoro
44%
Tavernière serviableMakino
42%
Paula de son vrai nomMiss doublefinger
42%
Artiste impresionisteMiss goldenweek
40%
Zombie animalLaura
39%
Femme sadiqueSadi
34%
AssietteCindry
32%
VoyanteShirley
31%
Ange plein de charmeConis
30%
Tas de muscleMiss monday
23%
Squares sisterKiwi
22%
ShandiaLaki
21%
Square sisterMozu
17%
Murmure aux animauxApis
12%
Néo marineAin
9%
Jeu de sociétéDomino
7%
Future sirèneChimni
2%
MajorettePorsche
2%
Bargirl qui fumeShakey
2%
Chasseuse de prime de 6ansLill
1%
Alliée glaciale de barbe blancheWrithey bay
0%

Distribution des résultats

Percentile par nombre de réponses

% des personnes avec chaque résultat

Votre développement - résultats

Vous n’avez pas pris ce quiz